000 01287cam a2200217 a 4500
005 20260610170647.0
008 970305s1997 enk b 001 0 eng
020 _a9780521664578 (paperback)
082 0 0 _a320.092 MCC
100 1 _aMcCormick, John P.,
245 1 0 _aCarl Schmitt's critique of liberalism :
_bagainst politics as technology /
_cJohn P. McCormick.
260 _aCambridge ;
_bCambridge University Press,
_c1997.
300 _axii, 352 p. ;
_c24 cm.
365 _bRs. 2607.00
440 0 _aModern European philosophy
505 _aIntroduction; Part I. Between Critical Theory and Political Existentialism: Schmitt's Confrontation with Technology: 1. Antinomies of 'economic-technical thought': attempting to transcend Weber's Categories of Modernity; 2. Myth as antidote to the 'Age of Neutralizations': Nietszche and cultural conflict as response to technology; Part II. Liberalism as Technology's Infiltration of Politics: 3. Emergency powers; 4. Representation; 5. Law; 6. The state; Part III. Liberalism and Fascism: Technology and Politics: Epilogue and summary: Conclusion.
650 0 _aLiberalism.
650 0 _aTechnology and civilization.
856 4 1 _3Table of contents
_uhttp://www.loc.gov/catdir/toc/cam025/97012109.html
942 _2ddc
_cBK
999 _c212529
_d212529